00458nam a22001697a 450000500170000001000130001702000100003003500130004003700160005304000120006908200130008124500590009426000510015327000490020430000200025365000150027320170124110159.0 aA-682091 c00.00 aA-682091 bCen Lib/Ret aDPLbEN a109bPHI aPhilosophy through its past /cedited by Ted Honderich aNew DelhibA.P.H. Publishing Corporationc1992 bNew Delhia5, Ansari road, Daryaganje110002 a534p.c19cm(Hb) aPsychology